000 01363nam a2200433 i 4500
001 41664
003 KOSZ 005
005 20220505125030.0
008 030122s2002 pl a |000 0 pol
015 _aUWD 2003/1473
035 _a991020118009705066
035 _a(PL-WaBN)b15453406-48omnis_nlop
035 _ab15453406
035 _a(OCoLC)749538627
035 _a(PL)b0000001545340
035 _a(EXLNZ-48OMNIS_NETWORK)9910278305005606
040 _aWA N
_cWA N
_dKOSZ 005/HR
046 _k2002
080 _a004.7
080 _a004.451
080 _a(07)
100 1 _aAlbera, Jacek
_eAutor
245 1 0 _aNovell NetWare 6 :
_bużytkownik : ćwiczenia praktyczne /
_cJacek Albera.
260 _aGliwice :
_b"Helion",
_c2002.
300 _a134 s. :
_bil. ;
_c24 cm.
336 _aTekst
_btxt
_2rdacontent
337 _aBez urządzenia pośredniczącego
_bn
_2rdamedia
338 _aWolumin
_bnc
_2rdacarrier
380 _aKsiążki
388 _a2001-
650 7 _aNetWare
_2DBN
650 7 _aSystemy operacyjne sieciowe
_2DBN
655 7 _aPodręcznik
_2DBN
658 _aInformatyka i technologie informacyjne
710 2 _aHelion
_4pbl
856 _uhttp://koha.tu.koszalin.pl/cgi-bin/koha/opac-detail.pl?biblionumber=41664
_yKatalog online BPK
942 _2UKD
_cKS
999 _c41664
_d41664